Kid Icarus: Uprising Chapter Quiz - Statistics

General Stats
  • This quiz has been taken 39 times
  • The average score is 14 of 25
Answer Stats
Hint Answer % Correct
Chapter 6 Dark Pit
83%
Chapter 1 The Return of Palutena
83%
Chapter 2 Magnus and the Dark Lord
67%
Chapter 10 The Wish Seed
67%
Chapter 11 Viridi, Goddess of Nature
67%
Chapter 3 Heads of the Hewdraw
61%
Chapter 20 Palutena's Temple
61%
Chapter 21 The Chaos Vortex
61%
Chapter 24 The Three Trials
61%
Chapter 14 Lightning Battle
56%
Chapter 15 Mysterious Invaders
56%
Chapter 5 Pandora's Labyrinth of Deceit
56%
Chapter 17 The Aurum Brain
56%
Chapter 4 The Reaper's Line of Sight
56%
Chapter 9 Medusa's Final Battle
50%
Chapter 22 Scorched Feathers
50%
Chapter 19 The Lightning Chariot
50%
Chapter 13 The Lunar Sanctum
50%
Chapter 18 The Ring of Chaos
50%
Chapter 7 The Seafloor Palace
50%
Chapter 8 The Space-Pirate Ship
50%
Chapter 25 The War's End
50%
Chapter 12 Wrath of the Reset Bomb
50%
Chapter 16 The Aurum Hive
44%
Chapter 23 Lord of the Underworld
39%
No matching quizzes found
Score Distribution
Percent of People with Each Score
Percentile by Number Answered
Your Score History
You have not taken this quiz